003510000a22001330004500020001500000060000800015082002200023100001700045245006300062260004200125260000900167300000800176650003300184 a8170415546 a100 a331 110 954 HUM.1 aAshok, Kumar aHuman resource development : an interdisciplinary approach aNew Delhi, Anmol Publications PVT LTD c1991 a386 aHuman resource development /